| 000 | 00000nam 2200000zi 4500 |
| 001 | 9.933303 |
| 003 | CaOODSP |
| 005 | 20250109130007 |
| 006 | m o d f |
| 007 | cr |n||||||||| |
| 008 | 240201s2002 qucdab o f|0| 0 eng d |
| 040 | |aCaOODSP|beng|erda|cCaOODSP |
| 043 | |an-cn-qu |
| 086 | 1 |aEn154-307/2002E-PDF |
| 100 | 1 |aMarchand, François, |eauthor. |
| 245 | 10|aEffects of water flow fluctuations on seasonal migration patterns of fish species in the St. Lawrence River / |cMarchand, François and Yves de Lafontaine. |
| 264 | 1|aMontréal, QC : |bSt. Lawrence Centre, Environment Canada, Quebec Region, |c[2002] |
| 300 | |a1 online resource (20 unnumbered pages) : |bcharts, illustrations, maps |
| 336 | |atext|btxt|2rdacontent |
| 337 | |acomputer|bc|2rdamedia |
| 338 | |aonline resource|bcr|2rdacarrier |
| 500 | |aDigitized edition from print [produced by Environment and Climate Change Canada]. |
| 650 | 0|aFishes|xSeasonal distribution|zSaint Lawrence River. |
| 650 | 0|aFishes|xEffect of water levels on|zSaint Lawrence River. |
| 650 | 0|aRunoff|xEnvironmental aspects|zSaint Lawrence River. |
| 650 | 6|aPoissons|xDistribution saisonnière|zSaint-Laurent (Fleuve) |
| 650 | 6|aPoissons|xEffets du niveau des eaux sur|zSaint-Laurent (Fleuve) |
| 650 | 6|aEaux de surface|xAspect de l'environnement|zSaint-Laurent (Fleuve) |
| 710 | 1 |aCanada. |bEnvironment Canada. |bQuebec Region, |eissuing body. |
| 856 | 40|qPDF|s0.99 KB|uhttps://publications.gc.ca/collections/collection_2025/eccc/en154/En154-307-2002-eng.pdf |